000 00416nam a2200181Ia 4500
001 13972
005 20260306164840.0
008 260306t2009||||xx |||||||||||||| ||spa||
041 _aESP
082 _a005.74
_bP23
100 _aPando Fernández, Yuri
_eAUT
245 0 _aSQL server 2008
260 _c2009
300 _a495 páginas :
_c25 cm.
650 _aGEN
654 _aCCC
942 _cLIB
_dJUS
_fJUS
_2ddc
_n
999 _c13972
_d13972